Juan de Mena y el "Arte Mayor" / (Record no. 64811)

MARC details
000 -LEADER
campo de control de longitud fija 00915nam a2200229 i 4500
001 - NÚMERO DE CONTROL
campo de control 64811
003 - IDENTIFICADOR DE NÚMERO DE CONTROL
campo de control ES-MaACL
005 - FECHA Y HORA DE LA ÚLTIMA TRANSACCIÓN
campo de control 20251015063103.0
007 - CAMPO FIJO DE DESCRIPCIÓN FÍSICA--INFORMACIÓN GENERAL
campo de control de longitud fija t|
008 - DATOS DE LONGITUD FIJA--INFORMACIÓN GENERAL
campo de control de longitud fija 040105s1903 sp ||||1| spa d
100 1# - ENTRADA PRINCIPAL--NOMBRE DE PERSONA
Nombre de persona Foulché-Delbosc, Raymond,
Fechas asociadas al nombre 1864-1929
9 (RLIN) 51941
245 10 - MENCIÓN DEL TÍTULO
Título Juan de Mena y el "Arte Mayor" /
Mención de responsabilidad, etc. R. Foulché-Delbosc ; traducido, anotado y precedido de un prólogo por Adolfo Bonilla y San Martín.
260 ## - PUBLICACIÓN, DISTRIBUCIÓN, ETC.
Lugar de publicación, distribución, etc. Madrid :
Nombre del editor, distribuidor, etc. [s.n.],
Fecha de publicación, distribución, etc. 1903 (
Fabricante Imp. de José Perales y Martínez)
300 ## - DESCRIPCIÓN FÍSICA
Extensión 28 p. ;
Dimensiones 23 cm.
530 ## - NOTA DISPONIBLE DE FORMULARIO FÍSICO ADICIONAL
Nota de formato físico adicional disponible Disponible en formato digital.
594 ## - Nota al título y mención de responsabilidad
Nota al título y mención de responsabilidad Título original: Étude sur le Laberinto.
600 14 - PUNTO DE ACCESO ADICIONAL DE MATERIA--NOMBRE DE PERSONA
Nombre de persona Mena, Juan de,
Fechas asociadas al nombre 1411-1456
9 (RLIN) 80047
700 1# - ENTRADA AGREGADA--NOMBRE PERSONAL
Nombre de persona Bonilla y San Martín, Adolfo,
Fechas asociadas al nombre 1875-1926
9 (RLIN) 30193
852 ## - LOCALIZACIÓN
Ubicación ES-MaACL
Número de control de estantería T-1029-F-1
856 ## - LOCALIZACIÓN Y ACCESO ELECTRÓNICOS
Identificador Uniforme de Recursos <a href="http://bdh-rd.bne.es/viewer.vm?id=0000097747&page=1 ">http://bdh-rd.bne.es/viewer.vm?id=0000097747&page=1 </a>
Nota pública Biblioteca Digital Hispánica
Holdings
Estatus retirado Estado de pérdida Estado de daño No para préstamo Colección Biblioteca de origen Biblioteca actual Ubicación en estantería Fecha de adquisición Fuente de adquisición Total de préstamos Signatura topográfica completa Código de barras Visto por última vez Precio de reemplazo Tipo de ítem Koha
        Colección de folletos Biblioteca del Ateneo de Madrid Biblioteca del Ateneo de Madrid Depósito folletos 17/01/2008     T-1029-F-1 1067907 23/02/2023 23/02/2023 Folleto